The architecture of the universe : by W. F. G. Swann ...

Bibliographic Details
Main Author: Swann, W. F. G. (William Francis Gray), 1884-1962
Format: Book
Language:English
Published: New York : The Macmillan company, 1934.
Subjects:

MARC

Tag First Indicator Second Indicator Subfields
LEADER 00000cam a2200000 4500
001 in00000044179
005 20151007071015.0
008 720501s1934 nyua 00010 eng u
010 |a  34008336  
035 |a (OCoLC)00297121 
035 |9 AAE5141AM 
040 |c CSU  |d TXA  |d UtOrBLW 
049 |a TXAM  |c 1 [54248] 
050 0 |a QC6  |b .S9 
082 0 |a 530.1 
092 |a 530.1  |b S972a 
100 1 |a Swann, W. F. G.  |q (William Francis Gray),  |d 1884-1962. 
245 1 4 |a The architecture of the universe :  |b by W. F. G. Swann ... 
264 1 |a New York :  |b The Macmillan company,  |c 1934. 
300 |a ix pages, 1 ., 428 pages :  |b illustrations, diagrams ;  |c 22 cm. 
336 |a text  |b txt  |2 rdacontent 
337 |a unmediated  |b n  |2 rdamedia 
338 |a volume  |b nc  |2 rdacarrier 
650 0 |a Physics  |x Philosophy. 
650 0 |a Physics  |x History. 
650 0 |a Matter  |x Constitution. 
650 0 |a Science. 
740 4 |a The universe, The architecture of. 
999 |a MARS 
999 f f |s bd74cace-e4aa-3326-892c-cc786fe44e3e  |i 32785d3b-4faf-3449-a0d6-e4250ba80088  |t 0 
952 f f |p ric  |a Texas A&M University  |b Rellis Campus  |c Joint Library Facility  |d Remote Storage  |t 0  |e QC6 .S9  |h Library of Congress classification  |i unmediated -- volume  |m A14800909162 
998 f f |a QC6 .S9  |t 0  |l Remote Storage